Price theory and applications (Record no. 399270)

000 -LEADER
fixed length control field 00445cam a22001697a 4500
008 - FIXED-LENGTH DATA ELEMENTS--GENERAL INFORMATION
fixed length control field 180718b2002 xxu||||| |||| 00| 0 eng d
020 ## - INTERNATIONAL STANDARD BOOK NUMBER
International Standard Book Number 0324059795
082 ## - DEWEY DECIMAL CLASSIFICATION NUMBER
Classification number T123 L239
100 ## - MAIN ENTRY--PERSONAL NAME
Personal name Landsburg, Steven E.
245 ## - TITLE STATEMENT
Title Price theory and applications
Statement of responsibility, etc. by Steven E. Landsburg
250 ## - EDITION STATEMENT
Edition statement 5th ed.
260 ## - PUBLICATION, DISTRIBUTION, ETC.
Place of publication, distribution, etc. Canberra
Name of publisher, distributor, etc. South-Western
Date of publication, distribution, etc. 2002
300 ## - PHYSICAL DESCRIPTION
Extent 749p.
650 ## - SUBJECT ADDED ENTRY--TOPICAL TERM
Topical term or geographic name entry element (Written off)
650 ## - SUBJECT ADDED ENTRY--TOPICAL TERM
Topical term or geographic name entry element Prices
650 ## - SUBJECT ADDED ENTRY--TOPICAL TERM
Topical term or geographic name entry element Microeconomics
Holdings
Withdrawn status Lost status Damaged status Not for loan Permanent Location Current Location Date acquired Full call number Barcode Date last seen Price effective from Koha item type
        Indian Institute of Public Administration Indian Institute of Public Administration 2003-10-06 T123 L239 78875 2018-07-21 2018-07-21 Book
        Indian Institute of Public Administration Indian Institute of Public Administration 2003-10-06 T123 L239 78874 2018-07-21 2018-07-21 Book
        Indian Institute of Public Administration Indian Institute of Public Administration 2003-02-03 T123 L239 78181 2018-07-21 2018-07-21 Book
        Indian Institute of Public Administration Indian Institute of Public Administration 2003-02-03 T123 L239 78180 2018-07-21 2018-07-21 Book
        Indian Institute of Public Administration Indian Institute of Public Administration 2002-03-04 T123 L239 77343 2018-07-21 2018-07-21 Book

Powered by Koha